000 00704nam a2200205Ia 4500
003 OSt
005 20220925183957.0
006 a|||||r|||| 00| 0
007 ta
008 220923b |||||||| |||| 00| 0 eng d
037 _cGeneral Book
040 _aRTL
_cRTL
_beng
041 _2eng
_aeng
082 _aEsn2, N53 - N51, K0.32
245 0 _aNational sample survey. 5th to 7th Round. 1951-52 and 1952-53. some aspects of cost of cultivation of Barcly, Haize, Ragi, Cram, Small millets, Graundnut, Colton and Jutl.
260 _aDelhi
_bManage of Publication.
_c1951
300 _a86p.
_ccm.
942 _hEsn2, N53 - N51, K0.32
_cGB
_2CC
999 _c506476
_d506476